[Event "Polanica Zdroj op-B 45th"]
[Site "Polanica Zdroj"]
[Date "2009.08.23"]
[Round "6"]
[White "Malec, Robert"]
[Black "Wielosz, Jaroslaw"]
[Result "1-0"]
[WhiteElo "1810"]
[BlackElo "1963"]
[PlyCount "113"]
[EventDate "2009.08.18"]
[EventType "swiss"]
[EventRounds "10"]
[EventCountry "POL"]
[SourceTitle "CBM 131 Extra"]
[Source "ChessBase"]
[SourceDate "2009.09.03"]
[SourceVersion "2"]
[SourceVersionDate "2009.09.16"]
[SourceQuality "1"]

1. e4 d6 2. d4 Nf6 3. Nc3 g6 4. Be3 c6 5. f3 b5 6. h4 Qa5 7. Qd2 Nbd7 8. Nh3 Nb6 9. Bg5 Bg7 10. Be2 Bxh3 11. Rxh3 Nc4 12. Bxc4 bxc4 13. Ne2 Qxd2+ 14. Kxd2 d5 15. Nc3 e6 16. Bxf6 Bxf6 17. e5 Be7 18. b3 cxb3 19. axb3 h5 20. g3 Kd7 21. Ra6 Kc7 22. Rh1 Kb7 23. Rha1 g5 24. hxg5 h4 25. f4 hxg3 26. Ne2 g2 27. R6a2 Rh1 28. Rg1 Rxg1 29. Nxg1 c5 30. c3 cxd4 31. cxd4 Bb4+ 32. Kd1 Bc3 33. Rxg2 Bxd4 34. Ne2 Be3 35. g6 fxg6 36. Rxg6 Re8 37. Kc2 Kc7 38. Kd3 Bc5 39. Nd4 Kd7 40. Rg7+ Re7 41. Rg6 a6 42. Rf6 Bb4 43. f5 Ba3 44. fxe6+ Kc7 45. Nf5 Rh7 46. Kd4 Rh1 47. Rf7+ Kc6 48. e7 Rd1+ 49. Kc3 Bxe7 50. Rxe7 Rc1+ 51. Kb2 Rf1 52. Ng7 d4 53. e6 Rf2+ 54. Kc1 Re2 55. Rf7 Kd6 56. e7 Rxe7 57. Nf5+ 1-0

[Event "Polanica Zdroj op-B 45th"]
[Site "Polanica Zdroj"]
[Date "2009.08.19"]
[Round "2"]
[White "Witek, Tomasz"]
[Black "Wielosz, Jaroslaw"]
[Result "0-1"]
[WhiteElo "2138"]
[BlackElo "1963"]
[PlyCount "102"]
[EventDate "2009.08.18"]
[EventType "swiss"]
[EventRounds "10"]
[EventCountry "POL"]
[SourceTitle "CBM 131 Extra"]
[Source "ChessBase"]
[SourceDate "2009.09.03"]
[SourceVersion "2"]
[SourceVersionDate "2009.09.16"]
[SourceQuality "1"]

1. d4 Nf6 2. c4 e6 3. Nc3 Bb4 4. Qc2 c5 5. a3 Qa5 6. e3 Nc6 7. Nge2 Bxc3+ 8. Qxc3 Qxc3+ 9. bxc3 b6 10. f3 d6 11. g4 Ba6 12. Ng3 h6 13. h4 Na5 14. Ra2 0-0-0 15. g5 hxg5 16. hxg5 Rxh1 17. Nxh1 Ne8 18. Rh2 Bxc4 19. Bxc4 Nxc4 20. Ng3 d5 21. Rh7 Rd7 22. Rh8 Kd8 23. Nh5 Ke7 24. Rh7 g6 25. Nf4 Kd6 26. e4 dxe4 27. fxe4 Nc7 28. Ne2 e5 29. d5 f5 30. Rh6 fxe4 31. Rxg6+ Kxd5 32. Ng3 Ne6 33. Nh5 Re7 34. Nf6+ Kc6 35. Nxe4 Kb5 36. Rh6 Ka4 37. Nf6 Nf4 38. g6 Ne6 39. Rh7 Rg7 40. Rxg7 Nxg7 41. Ng4 e4 42. Bh6 Ne6 43. g7 Nxg7 44. Bxg7 Kxa3 45. Ke2 Kb3 46. Nf2 e3 47. Nd1 a5 48. Nxe3 Nxe3 49. Kxe3 c4 50. Kd4 b5 51. Kc5 a4 0-1

[Event "Polanica Zdroj op-B 45th"]
[Site "Polanica Zdroj"]
[Date "2009.08.18"]
[Round "1"]
[White "Wielosz, Jaroslaw"]
[Black "Klimek, Marcin"]
[Result "1-0"]
[WhiteElo "1963"]
[BlackElo "1701"]
[PlyCount "111"]
[EventDate "2009.08.18"]
[EventType "swiss"]
[EventRounds "10"]
[EventCountry "POL"]
[SourceTitle "CBM 131 Extra"]
[Source "ChessBase"]
[SourceDate "2009.09.03"]
[SourceVersion "2"]
[SourceVersionDate "2009.09.16"]
[SourceQuality "1"]

1. d4 Nf6 2. c4 g6 3. Nc3 Bg7 4. e4 d6 5. Nf3 0-0 6. Be2 e5 7. 0-0 Nc6 8. d5 Ne7 9. b4 Ne8 10. a4 f5 11. Ng5 f4 12. Bg4 Nf5 13. Bxf5 Qxg5 14. Bxc8 Rxc8 15. a5 Qh4 16. f3 a6 17. b5 g5 18. Ba3 Rf6 19. bxa6 bxa6 20. Rb1 Rh6 21. h3 g4 22. fxg4 Nf6 23. Qf3 Rg6 24. Rb7 h5 25. Qf2 Qg5 26. gxh5 Qxh5 27. Qf3 Qh4 28. Ne2 Nh5 29. Rfb1 Ng3 30. Nc3 Nh5 31. Rb8 Rxb8 32. Rxb8+ Kh7 33. Ne2 Ng3 34. Rb3 Nh5 35. Bb4 Bh6 36. Bd2 Nf6 37. Rb7 Rg7 38. Ra7 Nh5 39. Rxa6 Ng3 40. Nc1 Nh5 41. Rc6 Rg3 42. Be1 Rxf3 43. Bxh4 Ra3 44. Ne2 Rxa5 45. Rxc7+ Ng7 46. Kf2 Kg8 47. Rc6 Ne8 48. Be7 Bf8 49. Bxf8 Kxf8 50. g3 fxg3+ 51. Nxg3 Rc5 52. Nf5 Rxc6 53. dxc6 Kf7 54. h4 Kg6 55. Kg3 Kh5 56. Ng7+ 1-0

[Event "Wroclaw op"]
[Site "Wroclaw"]
[Date "2009.04.27"]
[Round "1"]
[White "Wielosz, Jaroslaw"]
[Black "Luch, Michal"]
[Result "0-1"]
[WhiteElo "1986"]
[BlackElo "2412"]
[PlyCount "122"]
[EventDate "2009.04.27"]
[EventType "swiss"]
[EventRounds "9"]
[EventCountry "POL"]
[SourceTitle "CBM 130 Extra"]
[Source "ChessBase"]
[SourceDate "2009.07.02"]
[SourceVersion "2"]
[SourceVersionDate "2009.07.15"]
[SourceQuality "1"]

1. d4 g6 2. c4 Bg7 3. Nf3 c5 4. Nc3 cxd4 5. Nxd4 Nc6 6. Nb3 d6 7. e4 b6 8. Be3 Nf6 9. Nd4 Bb7 10. f3 0-0 11. Be2 Rc8 12. 0-0 Ne5 13. b3 a6 14. Rc1 e6 15. Na4 Ned7 16. Nc2 Nc5 17. Nxc5 bxc5 18. Qd2 Qc7 19. Bf4 Rfd8 20. Rfd1 Qb6 21. Ne3 d5 22. e5 Nh5 23. Bg5 Bxe5 24. Bxd8 Qxd8 25. cxd5 exd5 26. Qe1 Bd4 27. Rxd4 cxd4 28. Ng4 Nf4 29. Rxc8 Bxc8 30. g3 Bxg4 31. fxg4 Nh3+ 32. Kg2 Qe7 33. Kxh3 d3 34. Kg2 d4 35. Kf1 dxe2+ 36. Qxe2 Qd6 37. Qd3 a5 38. Ke2 Qe5+ 39. Kd2 Qg5+ 40. Kc2 Qxg4 41. Qb5 Qe4+ 42. Qd3 Qd5 43. Kd2 h5 44. Qe2 Qc6 45. Qd3 Qc5 46. Qf3 Qa3 47. Kd3 Qxa2 48. Kxd4 Qxh2 49. Kc4 Qd2 50. Kb5 Qb4+ 51. Kc6 a4 52. bxa4 Qxa4+ 53. Kd6 Qd4+ 54. Ke7 Qe5+ 55. Kd8 Kg7 56. Qa3 g5 57. Qd3 h4 58. gxh4 gxh4 59. Qh3 Kg6 60. Qd3+ Qf5 61. Qd2 Qg5+ 0-1

[Event "Gora Sw Anny op 2nd"]
[Site "Gora Sw Anny"]
[Date "2009.01.23"]
[Round "8"]
[White "Kucypera, Malgorzata"]
[Black "Wielosz, Jaroslaw"]
[Result "1/2-1/2"]
[WhiteElo "2111"]
[BlackElo "1988"]
[PlyCount "179"]
[EventDate "2009.01.16"]
[EventType "swiss"]
[EventRounds "9"]
[EventCountry "POL"]
[SourceTitle "CBM 128 Extra"]
[Source "ChessBase"]
[SourceDate "2009.03.05"]
[SourceVersion "2"]
[SourceVersionDate "2009.03.25"]
[SourceQuality "1"]

1. e4 e5 2. Nf3 Nc6 3. Bc4 Bc5 4. b4 Bxb4 5. c3 Be7 6. d4 Na5 7. Be2 d6 8. 0-0 Nf6 9. Qc2 Nc6 10. Rd1 exd4 11. cxd4 d5 12. exd5 Nxd5 13. Ne5 Nxe5 14. dxe5 0-0 15. Nc3 c6 16. Bd3 h6 17. Be4 Be6 18. Ne2 Qa5 19. Bd2 Bb4 20. Bxb4 Qxb4 21. Rab1 Qe7 22. Qb2 Rab8 23. Nd4 Nb6 24. f4 f5 25. Bc2 Nd5 26. Bb3 Kh8 27. Nxe6 Qxe6 28. Qd4 Rbd8 29. Qxa7 Rf7 30. Qa5 Rfd7 31. Bxd5 cxd5 32. Rb6 Qe7 33. Rd4 Kh7 34. h3 g5 35. Rf6 Rf8 36. Rxf8 Qxf8 37. Rxd5 Rxd5 38. Qxd5 gxf4 39. Qxb7+ Kg6 40. Qc6+ Kh7 41. Qd6 Qc8 42. Qf6 Qc1+ 43. Kh2 Qc2 44. Qf7+ Kh8 45. Qh5 Kg7 46. e6 f3 47. Qxf3 Kf6 48. Qf4 Kxe6 49. Qxh6+ Kf7 50. Qh7+ Kf6 51. a3 Qc1 52. Qh8+ Kf7 53. Qe5 f4 54. a4 Qd2 55. a5 f3 56. Qf5+ Kg7 57. Qg4+ Kh7 58. Qxf3 Qxa5 59. Qe4+ Kg7 60. Qf4 Qa2 61. h4 Qe2 62. Kh3 Qc2 63. h5 Qc5 64. Qg4+ Kf8 65. h6 Qg1 66. h7 Qh1+ 67. Kg3 Qe1+ 68. Kf4 Qd2+ 69. Kf5 Qd7+ 70. Kf4 Qd6+ 71. Ke4 Qc6+ 72. Ke3 Qc5+ 73. Ke2 Qc2+ 74. Kf3 Qd3+ 75. Kf2 Qd2+ 76. Qe2 Qd4+ 77. Qe3 Qh4+ 78. Kf3 Qh5+ 79. g4 Qh3+ 80. Kf4 Qh6+ 81. Kf3 Qh3+ 82. Kf4 Qh6+ 83. g5 Qxh7 84. Qc5+ Qe7 85. Qc8+ Kg7 86. Qc3+ Kg8 87. Qc4+ Kg7 88. Qd4+ Kg8 89. Qd5+ Kg7 90. Qe5+ 1/2-1/2